000 00674nam a2200193 a 4500
005 20140412111329.0
008 021209s19uu xx 00 eng d
020 _a0-698-11612-7
050 _aTR(PS E
_bCo73 1994
050 _aER
_bCo73 1994
100 _aCooper, Floyd
245 _aComing home :
_cwritten and illustrated by Floyd Cooper.
_bfrom the life of Langston Hughes /
260 _aNew York :
_bThe Putnam and Grosset Group,
_c1994.
300 _a1 v. (unp.) ; ill.
650 _aHughes, Langston, 1902-1967
_xBiography
_xJuvenile literature
650 _aAfro-American poets--20th century
_xBiography
_xJuvenile literature
999 _c104835
_d104835